000 00920nam a2200289Ia 4500
001 Para_8411
003 CHAP
008 220125s1922 xx 000 0 und d
010 _a207254
040 _cCHAP
082 _aPA-C 595.752 A6
100 _aBaerg, W. J.
245 _aEastern strawberry louse /
_c by W.J. Baerg
260 _aFayeteville, Ark. :
_b University of Kansas. College of Agriculture. agricultural Experiment Station
300 _a16 p.
440 _aAphidae; 14
_9173807
500 _aEncuadernado con otros impresos similares
650 _a
_x Afididos
_x Colecciones de escritos
_x Fresa
_x plagas
_x Aphis forbesi
_x Myzus
_9173816
710 _aKansas Agric. Exp. Sta. Bull; 179
_9173817
901 _aPA-C 595.752 A6
902 _aA
905 _a0000001922 a 0000000000 00
910 _a1922
942 _cPARA
942 _cPARA
_d1
999 _c207254
_d207254